| 000 | 00809nam a22002057a 4500 | ||
|---|---|---|---|
| 999 |
_c58068 _d58068 |
||
| 005 | 20210607131057.0 | ||
| 008 | 210607s2014 gw ||||| |||| 00| 0 ger d | ||
| 020 | _a9783825239299 | ||
| 041 | _ager | ||
| 080 | _a376.2+37 W-18 | ||
| 100 |
_aWalthes, Renate _911967 |
||
| 245 |
_aEinführung in die Pädagogik bei Blindheit und Sehbeeinträchtigung / _b _cRenate Walthes. |
||
| 250 | _a3 edition | ||
| 264 |
_aMunchen, _c2014. |
||
| 300 |
_a256 p. _b22 cm. |
||
| 521 | _aMit 31 Abbildungen, 11 Tabellen und 22 Ubungsaufgaben / | ||
| 653 | _aსიბრმავისა და მხედველობის დაქვეითების პედაგოგიკა | ||
| 653 | _aВведение в педагогику слепоты и нарушений зрения | ||
| 942 |
_2udc _cBK |
||